00848nam a2200217Ii 45000010005000000030009000050080041000140400033000550410008000880820018000961100039001142450145001532640035002983000012003333360026003453370028003713380027003999400050004269990017004769520137004934777CO-ViMGA241108s9999||||xx |||||||||||||| ||und|| aCO-ViMGAbspaerdacCO-ViMGA0 aspa04a636.0896 I59e1 aInstituto Colombiano Agropecuario,10aInvestigaciones sobre la ocurrencia, epidemiologia e importancia economica de los nelmintos en terneros en departamento de Cordoba, Colombia 1aBogotá, Colombia : ICA, 1991 avolumen atextbtxt2rdacontent aunmediatedbn2rdamedia avolumebnc2rdacarrier aidficha_siabuc: 4653. -- ficha_no_siabuc:4777 c48001d48001 001040708001aMEVIGERRbMEVIGERRcGENd2006-11-27o636.0896 I59epECA3734r2024-11-26 09:37:47tEj.1w2024-11-26yBKz4653 | 6720